Encyclopedia of health and education for the family (Record no. 4669)

MARC details
000 -LEADER
fixed length control field 00636nam a22002177a 4500
003 - CONTROL NUMBER IDENTIFIER
control field OSt
005 - DATE AND TIME OF LATEST TRANSACTION
control field 20251024010545.0
008 - FIXED-LENGTH DATA ELEMENTS--GENERAL INFORMATION
fixed length control field 251007b |||||||| |||| 00| 0 eng d
020 ## - INTERNATIONAL STANDARD BOOK NUMBER
International Standard Book Number 978-971-581-193-4.
040 ## - CATALOGING SOURCE
Original cataloging agency DWCL-Main lib
Transcribing agency OC
082 ## - DEWEY DECIMAL CLASSIFICATION NUMBER
Classification number Gr. 613 Ag283e 2008
100 ## - MAIN ENTRY--PERSONAL NAME
Personal name Aguilar, Isidro
245 ## - TITLE STATEMENT
Title Encyclopedia of health and education for the family
260 ## - PUBLICATION, DISTRIBUTION, ETC.
Place of publication, distribution, etc. Spain :
Name of publisher, distributor, etc. Editorial Safeliz, S. L.,
Date of publication, distribution, etc. c2008.
300 ## - PHYSICAL DESCRIPTION
Extent 4 various :
Other physical details colored illustration ;
Dimensions 28 cm.
504 ## - BIBLIOGRAPHY, ETC. NOTE
Bibliography, etc. note Includes index.
650 ## - SUBJECT ADDED ENTRY--TOPICAL TERM
Source of heading or term 1. Health education.
650 ## - SUBJECT ADDED ENTRY--TOPICAL TERM
Source of heading or term 2. Health.
700 ## - ADDED ENTRY--PERSONAL NAME
Personal name Galbes, Herminia
942 ## - ADDED ENTRY ELEMENTS (KOHA)
Source of classification or shelving scheme Dewey Decimal Classification
Koha item type General Reference
Call number prefix Gr.
Suppress in OPAC No
952 ## - LOCATION AND ITEM INFORMATION (KOHA)
--
952 ## - LOCATION AND ITEM INFORMATION (KOHA)
--
952 ## - LOCATION AND ITEM INFORMATION (KOHA)
--
952 ## - LOCATION AND ITEM INFORMATION (KOHA)
--
Holdings
Withdrawn status Lost status Source of classification or shelving scheme Damaged status Not for loan Home library Current library Shelving location Date acquired Source of acquisition Cost, normal purchase price Total Checkouts Full call number Barcode Date last seen Copy number Price effective from Koha item type Uniform Resource Identifier
    Dewey Decimal Classification     College Library College Library General Reference 02/24/2009 School Fund 0.00   Gr. 613 Ag283e 2008 46498 10/07/2025 c4 10/07/2025 GR
    Dewey Decimal Classification     College Library College Library General Reference 02/24/2009 School Fund 0.00   Gr. 613 Ag283e 2008 46497 10/07/2025 c3 10/07/2025 GR
    Dewey Decimal Classification     College Library College Library General Reference 02/24/2009 School Fund 0.00   Gr. 613 Ag283e 2008 46496 10/07/2025 c2 10/07/2025 GR
    Dewey Decimal Classification     College Library College Library General Reference 02/24/2009 School Fund 0.00   Gr. 613 Ag283e 2008 46495 10/07/2025 c1 10/07/2025 GR